Interpretation of Statutes: (Record no. 586941)
[ view plain ]
| 000 -LEADER | |
|---|---|
| fixed length control field | 00419nam a22001457a 4500 |
| 082 ## - DEWEY DECIMAL CLASSIFICATION NUMBER | |
| Classification number | 340.1 MAH |
| 100 ## - MAIN ENTRY--PERSONAL NAME | |
| Personal name | Mahmood, M. |
| 245 ## - TITLE STATEMENT | |
| Title | Interpretation of Statutes: |
| Remainder of title | with General Clauses Acts / |
| Statement of responsibility, etc. | M. Mahmood |
| 250 ## - EDITION STATEMENT | |
| Edition statement | 9th Edition. |
| 260 ## - PUBLICATION, DISTRIBUTION, ETC. | |
| Place of publication, distribution, etc. | Lahore : |
| Name of publisher, distributor, etc. | Al-Qanoon Publishers, |
| Date of publication, distribution, etc. | 2021. |
| 300 ## - PHYSICAL DESCRIPTION | |
| Extent | 1004 p. ; |
| Dimensions | 24 cm. |
| 942 ## - ADDED ENTRY ELEMENTS (KOHA) | |
| Source of classification or shelving scheme | |
| Koha item type | Book |
| Withdrawn status | Lost status | Source of classification or shelving scheme | Damaged status | Not for loan | Permanent Location | Current Location | Shelving location | Date acquired | Source of acquisition | Full call number | Barcode | Date last seen | Price effective from | Koha item type | Total Checkouts | Checked out | Date last checked out | Total Renewals |
|---|---|---|---|---|---|---|---|---|---|---|---|---|---|---|---|---|---|---|
| NUST Law School (NLS) | NUST Law School (NLS) | Law | 12/01/2021 | Pakistan Law House | 340.1 MAH | CL-836 | 04/24/2025 | 12/01/2021 | Book | |||||||||
| NUST Law School (NLS) | NUST Law School (NLS) | Law | 12/07/2021 | Federal Law House | 340.1 MAH | CL-678 | 02/09/2026 | 12/07/2021 | Book | 2 | 03/11/2026 | 02/09/2026 | ||||||
| NUST Law School (NLS) | NUST Law School (NLS) | Law | 11/19/2022 | Allied Book Company | 340.1 MAH | CL-1271 | 06/04/2025 | 11/19/2022 | Book | 1 | 02/01/2025 | 1 | ||||||
| NUST Law School (NLS) | NUST Law School (NLS) | Law | 11/19/2022 | Allied Book Company | 340.1 MAH | CL-1272 | 05/27/2025 | 11/19/2022 | Book | 2 | 01/30/2025 | 1 |
